Microeconomics

محفوظ في:
التفاصيل البيبلوغرافية
المؤلف الرئيسي: Pindyck
التنسيق: كتاب
منشور في: Pearson Education
الوسوم: إضافة وسم
لا توجد وسوم, كن أول من يضع وسما على هذه التسجيلة!

MARC

LEADER 00000nam a2200000Ia 4500
005 20260513122052.0
020 |a 9789356060128 
100 |a Pindyck 
365 |c Rs. 
365 |b 25.00 
942 |c BK 
245 |a Microeconomics 
260 |b Pearson Education 
999 |c 76  |d 76 
952 |0 0  |1 0  |4 0  |7 0  |a UNSW  |b UNSW  |d 2026-05-06  |g 1030.00  |i 16685  |l 0  |p 000077  |r 2026-05-13 12:20:52  |v 1030.00  |w 2026-05-13  |y BK